Managing induced rural development /
Salvato in:
| Autore principale: | |
|---|---|
| Natura: | Libro |
| Pubblicazione: |
Bloomington, Ind. :
International Development Institute, Indiana University,
c1981.
|
| Soggetti: | |
| Tags: |
Aggiungi Tag
Nessun Tag, puoi essere il primo ad aggiungerne!!
|
MARC
| LEADER | 00000pam a2200000 a 4500 | ||
|---|---|---|---|
| 020 | |a 0892490330 |c NA | ||
| 040 | |a MUL |b eng. |e AACR | ||
| 082 | 0 | 0 | |a 352.9420976 MOR |
| 100 | 1 | |a Moris, Jon R. | |
| 245 | 1 | 0 | |a Managing induced rural development / |c Jon Moris. |
| 260 | |a Bloomington, Ind. : |b International Development Institute, Indiana University, |c c1981. | ||
| 300 | |a xi, 190 p. : |b ill. ; |c 28 cm. | ||
| 500 | |a Includes index. | ||
| 504 | |a Bibliography: p. 142-180. | ||
| 546 | |a eng. | ||
| 650 | 0 | |a Rural development | |
| 650 | 0 | |a Rural development |z Africa, East. | |
| 942 | |c BK | ||
| 999 | |c 2971 |d 2971 | ||